Flags of island nations - Statistics

General Stats
  • This quiz has been taken 121 times
    109 since last reset
  • The average score is 39 of 47
Answer Stats
Picture Answer % Correct
Barbados
96%
Cuba
96%
Cyprus
92%
Iceland
92%
Ireland
92%
Japan
92%
Malta
91%
New Zealand
91%
Cape Verde
90%
Dominican Republic
90%
Jamaica
90%
Indonesia
89%
Philippines
89%
United Kingdom
89%
bahrain
87%
Fiji
86%
Singapore
86%
Bahamas
85%
Comoros
84%
Haiti
84%
Palau
84%
Sri Lanka
84%
Taiwan
84%
Antigua and Barbuda
82%
Madagascar
82%
Seychelles
82%
Dominica
81%
Micronesia
81%
Maldives
80%
Saint Lucia
80%
Papua New Guinea
78%
Brunei
77%
Grenada
77%
Kiribati
77%
Tonga
77%
Marshall Islands
76%
Mauritius
76%
East Timor
75%
Saint Vincent and the Grenadines
73%
Samoa
73%
Trinidad and Tobago
72%
Nauru
71%
São Tomé and Príncipe
71%
Tuvalu
70%
Saint Kitts and Nevis
68%
Vanuatu
65%
Solomon Islands
63%
No matching quizzes found
Score Distribution
Percent of People with Each Score
Percentile by Number Answered
Your Score History
You have not taken this quiz since the last reset